[Event "2.RSCO"]
[Site "Rostock"]
[Date "2003"]
[Round "1.1"]
[White "Mephisto Berlin Pro"]
[Black "Mephisto Magellan"]
[Result "1-0"]
[WhiteElo "2225"]
[BlackElo "2226"]
[PlyCount "67"]
[EventDate "2003"]
[EventType "tourn"]
[EventRounds "5"]
[EventCountry "GER"]
[SourceDate "2003.01.14"]

1. e4 c6 2. d4 d5 3. exd5 cxd5 4. Bd3 g6 5. c3 Bg7 6. Nf3 Nf6 7. O-O O-O 8. Bg5
Bg4 9. h3 Bxf3 10. Qxf3 Nc6 11. Re1 Re8 12. Nd2 Rc8 13. Nf1 e5 14. Bb5 e4 15.
Qf4 Re6 16. Be2 Qb6 17. Rab1 Rce8 18. Ng3 a6 19. Bd1 Qb5 20. Bc2 Qa5 21. Bb3
Nd7 22. Bh6 Bh8 23. Rbd1 Nb6 24. f3 Na4 25. Re2 exf3 26. Qxf3 Rxe2 27. Nxe2 Nb6
28. Rf1 Re7 29. Nf4 Rd7 30. Nd3 Nc4 31. Bxc4 dxc4 32. Nc5 Rc7 33. Nxb7 Qxa2 34.
Re1 1-0

[Event "2.RSCO"]
[Site "Rostock"]
[Date "2003"]
[Round "1.2"]
[White "Mephisto Magellan"]
[Black "Mephisto Berlin Pro"]
[Result "0-1"]
[WhiteElo "2226"]
[BlackElo "2225"]
[PlyCount "76"]
[EventDate "2003"]
[EventType "tourn"]
[EventRounds "5"]
[EventCountry "GER"]
[SourceDate "2003.01.14"]

1. d4 d5 2. Nf3 Nf6 3. Bf4 c5 4. c3 cxd4 5. cxd4 Bf5 6. Qb3 Qb6 7. Qxb6 axb6 8.
Bxb8 Rxb8 9. e3 Rc8 10. Nc3 Bd7 11. Bd3 e6 12. Rc1 Be7 13. Ke2 O-O 14. Rc2 Ng4
15. Rhc1 Bd6 16. h3 Nf6 17. Ne5 Be8 18. g3 Bxe5 19. dxe5 Nd7 20. e4 Nxe5 21.
exd5 Nxd3 22. Kxd3 Rd8 23. Kc4 exd5+ 24. Nxd5 Bd7 25. Kb4 Bxh3 26. Nxb6 Bg2 27.
Re1 Rfe8 28. Rxe8+ Rxe8 29. f4 Bc6 30. Rd2 f6 31. Nc4 g5 32. Rd6 gxf4 33. gxf4
Re4 34. Rxf6 Kg7 35. Rf5 b5 36. Rxb5 Bxb5 37. Kxb5 h5 38. a4 Rxc4 0-1

[Event "2.RSCO"]
[Site "Rostock"]
[Date "2003"]
[Round "1.3"]
[White "Mephisto Risc 2"]
[Black "Mephisto Vancouver 32 Bit"]
[Result "0-1"]
[WhiteElo "2273"]
[BlackElo "2180"]
[PlyCount "130"]
[EventDate "2003"]
[EventType "tourn"]
[EventRounds "5"]
[EventCountry "GER"]
[SourceDate "2003.01.14"]

1. e4 e5 2. Nc3 Nc6 3. g3 Bc5 4. Bg2 Nge7 5. Nge2 O-O 6. O-O d6 7. Na4 Bg4 8.
Nxc5 dxc5 9. f3 Be6 10. a4 Qd7 11. d3 Nd4 12. Be3 Rad8 13. f4 Bg4 14. Bxd4 cxd4
15. fxe5 Ng6 16. Qd2 c5 17. Nf4 Nxe5 18. h3 Be6 19. Nxe6 fxe6 20. b3 Qe7 21.
Rf4 Ng6 22. Rf3 Rxf3 23. Bxf3 Rf8 24. Rf1 Ne5 25. Bh5 Rxf1+ 26. Kxf1 g6 27. Be2
Qf6+ 28. Kg2 Nc6 29. Qf4 Qxf4 30. gxf4 Nb4 31. Bd1 Kf7 32. Kf2 Kf6 33. Ke1 g5
34. fxg5+ Kxg5 35. Bg4 e5 36. Kd2 h5 37. Bc8 Kh4 38. Be6 Na2 39. Ke2 Kg3 40.
Ke1 h4 41. Kd2 b6 42. Bg4 a6 43. Bf5 Kg2 44. Bd7 a5 45. Bf5 Kh2 46. Be6 Kg3 47.
Bc8 Nc3 48. Bf5 Kf3 49. Bd7 Kg2 50. Be6 c4 51. Bd7 cxb3 52. cxb3 Kh2 53. Bg4 b5
54. axb5 Nxb5 55. Kc2 Nd6 56. Be6 Nb7 57. Bg4 Nc5 58. Bc8 Kg2 59. Bg4 Kf2 60.
Kd2 Nxb3+ 61. Kc2 Nc5 62. Kd2 a4 63. Bh5 a3 64. Bf7 Kg3 65. Ke2 Kxh3 0-1

[Event "2.RSCO"]
[Site "Rostock"]
[Date "2003"]
[Round "1.4"]
[White "Mephisto Vancouver 32 Bit"]
[Black "Mephisto Risc 2"]
[Result "0-1"]
[WhiteElo "2180"]
[BlackElo "2273"]
[PlyCount "56"]
[EventDate "2003"]
[EventType "tourn"]
[EventRounds "5"]
[EventCountry "GER"]
[SourceDate "2003.01.14"]

1. e4 c5 2. Nf3 Nc6 3. d4 cxd4 4. Nxd4 e5 5. Nb5 a6 6. Nd6+ Bxd6 7. Qxd6 Qf6 8.
Qd1 Qg6 9. Nc3 d5 10. Nxd5 Qxe4+ 11. Be3 Nd4 12. Nc7+ Ke7 13. Nxa8 Nxc2+ 14.
Kd2 Nxe3 15. fxe3 Nf6 16. Qb3 Rd8+ 17. Ke1 Ng4 18. Rc1 Be6 19. Qb6 Nxe3 20.
Rc7+ Ke8 21. Be2 Qb1+ 22. Rc1 Qxc1+ 23. Kf2 Qxh1 24. Nc7+ Kd7 25. Qxb7 Nf5 26.
Nxa6+ Ke8 27. Nc7+ Kf8 28. Nxe6+ fxe6 0-1

[Event "2.RSCO"]
[Site "Rostock"]
[Date "2003"]
[Round "1.5"]
[White "Mephisto Montreux"]
[Black "TASC CM 16 MHz - King 2.54"]
[Result "1-0"]
[WhiteElo "2191"]
[BlackElo "2241"]
[PlyCount "87"]
[EventDate "2003"]
[EventType "tourn"]
[EventRounds "5"]
[EventCountry "GER"]
[SourceDate "2003.01.14"]

1. d4 Nf6 2. c4 e6 3. Nf3 d5 4. e3 dxc4 5. Nc3 c5 6. Bxc4 a6 7. O-O b5 8. Bb3
Bb7 9. Qe2 Nbd7 10. e4 cxd4 11. Nxd4 Bc5 12. Rd1 Qc7 13. Bg5 b4 14. Bxf6 Nxf6
15. Ba4+ Kf8 16. e5 bxc3 17. exf6 gxf6 18. bxc3 Rg8 19. g3 Rd8 20. Rab1 Be7 21.
Bc2 e5 22. Nf5 Qc6 23. Rxd8+ Bxd8 24. f3 Bb6+ 25. Kg2 Rg4 26. h3 Rg5 27. Qe4
Rxf5 28. Qxc6 Bxc6 29. Bxf5 Ba5 30. Bxh7 Bd5 31. Rd1 Be6 32. Rd6 Bxc3 33. Rc6
Bd4 34. Rxa6 f5 35. g4 fxg4 36. fxg4 Bd5+ 37. Kg3 Bc3 38. Ra4 Be1+ 39. Kh2 Ke7
40. Be4 Be6 41. Ra8 Bd2 42. a4 f6 43. a5 Bc4 44. a6 1-0

[Event "2.RSCO"]
[Site "Rostock"]
[Date "2003"]
[Round "1.6"]
[White "TASC CM 16 MHz - King 2.54"]
[Black "Mephisto Montreux"]
[Result "1/2-1/2"]
[WhiteElo "2241"]
[BlackElo "2191"]
[PlyCount "95"]
[EventDate "2003"]
[EventType "tourn"]
[EventRounds "5"]
[EventCountry "GER"]
[SourceDate "2003.01.14"]

1. e4 e5 2. f4 d5 3. exd5 e4 4. d3 Nf6 5. dxe4 Nxe4 6. Be3 Qh4+ 7. g3 Nxg3 8.
Nf3 Qe7 9. hxg3 Qxe3+ 10. Qe2 Qxe2+ 11. Bxe2 Bf5 12. Nbd2 Bb4 13. c3 Bc5 14.
Nd4 Bxd4 15. cxd4 O-O 16. Rc1 c6 17. g4 Bd7 18. d6 Be6 19. Bd3 f5 20. Nc4 Nd7
21. Ne3 g6 22. gxf5 gxf5 23. Rh5 Nf6 24. Rg5+ Kh8 25. d5 Bxd5 26. Bxf5 Bxa2 27.
d7 Bf7 28. Rd1 Rad8 29. Rd2 Bd5 30. Nxd5 cxd5 31. Rh2 Rf7 32. Be6 Re7 33. Re2
d4 34. Kd2 b6 35. b4 Nxd7 36. Rd5 Rde8 37. Rxd7 Rxe6 38. Rxe6 Rxe6 39. Kd3 h5
40. Kxd4 Re1 41. Rxa7 Rb1 42. f5 Rxb4+ 43. Ke5 h4 44. f6 Kg8 45. Rg7+ Kf8 46.
Rh7 b5 47. Ke6 Re4+ 48. Kf5 1/2-1/2

[Event "2.RSCO"]
[Site "Rostock"]
[Date "2003"]
[Round "2.1"]
[White "Mephisto Berlin Pro"]
[Black "Mephisto Risc 2"]
[Result "1/2-1/2"]
[WhiteElo "2225"]
[BlackElo "2273"]
[PlyCount "90"]
[EventDate "2003"]
[EventType "tourn"]
[EventRounds "5"]
[EventCountry "GER"]
[SourceDate "2003.01.14"]

1. e4 c5 2. Nf3 e6 3. d4 cxd4 4. Nxd4 a6 5. Nc3 Nc6 6. Be3 Qc7 7. Be2 Nf6 8.
O-O Bb4 9. Na4 O-O 10. Nxc6 bxc6 11. Nb6 Rb8 12. Nxc8 Rfxc8 13. Bxa6 Rd8 14.
Bd3 Bd6 15. Kh1 Be5 16. c3 Rxb2 17. Qc1 Ng4 18. h3 Nxe3 19. Qxb2 Nxf1 20. Rxf1
Qa5 21. Rc1 Ra8 22. Rc2 d5 23. g3 Rb8 24. Qc1 c5 25. exd5 exd5 26. Qg5 f6 27.
Qf5 g6 28. Qe6+ Kh8 29. Qxd5 Bxc3 30. Bc4 Rd8 31. Qe4 Bd4 32. Qe7 Qa8+ 33. Kh2
Rb8 34. Qe6 Rd8 35. f4 f5 36. Qe7 Re8 37. Qf7 Rf8 38. Qc7 Rc8 39. Qd7 Rd8 40.
Qe6 Re8 41. Qd5 Qxd5 42. Bxd5 Re3 43. a4 Ra3 44. Ra2 Rxa2+ 45. Bxa2 Bc3 1/2-1/2

[Event "2.RSCO"]
[Site "Rostock"]
[Date "2003"]
[Round "2.2"]
[White "Mephisto Risc 2"]
[Black "Mephisto Berlin Pro"]
[Result "1-0"]
[WhiteElo "2273"]
[BlackElo "2225"]
[PlyCount "113"]
[EventDate "2003"]
[EventType "tourn"]
[EventRounds "5"]
[EventCountry "GER"]
[SourceDate "2003.01.14"]

1. d4 d5 2. Nf3 Nf6 3. c4 dxc4 4. e3 e6 5. Bxc4 c5 6. O-O a6 7. a4 Nc6 8. Qe2
cxd4 9. Rd1 Be7 10. exd4 O-O 11. Nc3 Nd5 12. Qe4 Ncb4 13. Ne5 Qd6 14. Bb3 b6
15. Nxd5 Nxd5 16. Bd2 Bb7 17. Re1 Rac8 18. Rac1 Rxc1 19. Rxc1 Rb8 20. Qd3 g6
21. Bh6 Rd8 22. Qe4 Bf6 23. Ng4 Bh8 24. Bg5 Rd7 25. Bxd5 Qxd5 26. Qxd5 exd5 27.
Re1 h6 28. Nxh6+ Kh7 29. Ng4 Bc6 30. b3 Rd6 31. Bf4 Re6 32. Rxe6 fxe6 33. Ne5
Bxe5 34. Bxe5 b5 35. a5 Kg8 36. Bd6 Kf7 37. g4 Bd7 38. f4 Bc6 39. Kf2 Kf6 40.
Ke3 Be8 41. h4 Bf7 42. Kd3 Bg8 43. Kc3 Bf7 44. Be5+ Ke7 45. Kb4 Be8 46. Kc5 b4
47. Kxb4 Bb5 48. Kc5 Be2 49. b4 Kd7 50. h5 gxh5 51. gxh5 Bxh5 52. b5 Be2 53. b6
Kc8 54. Kc6 Bb5+ 55. Kd6 Be2 56. Kxe6 Kb7 57. Kxd5 1-0

[Event "2.RSCO"]
[Site "Rostock"]
[Date "2003"]
[Round "2.3"]
[White "Mephisto Montreux"]
[Black "Mephisto Vancouver 32 Bit"]
[Result "1-0"]
[WhiteElo "2191"]
[BlackElo "2180"]
[PlyCount "177"]
[EventDate "2003"]
[EventType "tourn"]
[EventRounds "5"]
[EventCountry "GER"]
[SourceDate "2003.01.14"]

1. e4 e5 2. Nf3 Nf6 3. Nxe5 d6 4. Nf3 Nxe4 5. d4 d5 6. Bd3 Nc6 7. O-O Be7 8. c4
Nb4 9. cxd5 Bf5 10. Qa4+ Bd7 11. Qb3 Nxd3 12. Qxd3 Nd6 13. Nc3 O-O 14. Bf4 Bf5
15. Qe2 Re8 16. Rac1 Bh4 17. Be5 Bg4 18. Qe3 Nc4 19. Qd3 Nxb2 20. Qe2 f6 21.
Qxb2 Bxf3 22. Bf4 Bxd5 23. Nxd5 Qxd5 24. Rxc7 b6 25. Rfc1 Re4 26. Be3 Bg5 27.
Rc8+ Rxc8 28. Rxc8+ Kf7 29. Rc7+ Kg6 30. Qb1 f5 31. Rxa7 Rxe3 32. fxe3 Bxe3+
33. Kh1 Qxd4 34. Rc7 Qd2 35. a4 Qd6 36. Rc3 Qd2 37. Rd3 Qe2 38. Rd6+ Kg5 39.
Rd7 Kh6 40. Qa1 Qg4 41. Qc3 Bc5 42. a5 f4 43. Rd5 Be3 44. Qc6+ g6 45. Qe8 Bc5
46. Qe4 Be3 47. Qe7 Qc8 48. g3 Qc1+ 49. Kg2 f3+ 50. Kxf3 Qf1+ 51. Ke4 Qb1+ 52.
Rd3 Bc5 53. Qh4+ Kg7 54. axb6 Qe1+ 55. Kd5 Qa5 56. Qc4 Bg1+ 57. Ke6 Qxb6+ 58.
Kd7 Bxh2 59. Kc8 Qf6 60. Rd7+ Kh6 61. Qc1+ g5 62. Qe3 Qf5 63. Kd8 Qg6 64. Qf2
Qg8+ 65. Ke7 Qg7+ 66. Kd6 Bxg3+ 67. Qxg3 Qf8+ 68. Kc6 Qc8+ 69. Rc7 Qe6+ 70. Kc5
Qf5+ 71. Kd4 Qf6+ 72. Ke3 Kg6 73. Qh2 Qe6+ 74. Kd4 Qg4+ 75. Kc5 Qf5+ 76. Kb6
Qb1+ 77. Ka7 Qa1+ 78. Kb8 Qh8+ 79. Kb7 Qg8 80. Qc2+ Kh6 81. Qd3 g4 82. Qe3+ Kh5
83. Rc5+ Qd5+ 84. Rxd5+ Kh4 85. Qe1+ Kh3 86. Rd3+ Kg2 87. Qg3+ Kf1 88. Rd2 h5
89. Qf2# 1-0

[Event "2.RSCO"]
[Site "Rostock"]
[Date "2003"]
[Round "2.4"]
[White "Mephisto Vancouver 32 Bit"]
[Black "Mephisto Montreux"]
[Result "0-1"]
[WhiteElo "2180"]
[BlackElo "2191"]
[PlyCount "72"]
[EventDate "2003"]
[EventType "tourn"]
[EventRounds "5"]
[EventCountry "GER"]
[SourceDate "2003.01.14"]

1. d4 d5 2. c4 Bf5 3. Qb3 e5 4. dxe5 dxc4 5. Qxb7 Nd7 6. Nf3 Rb8 7. Qxa7 Nc5 8.
Bg5 f6 9. exf6 gxf6 10. Bf4 Rb7 11. Qa5 Nd3+ 12. exd3 Bb4+ 13. Qxb4 Rxb4 14.
dxc4 Rxb2 15. Nbd2 Ne7 16. Be2 O-O 17. O-O Re8 18. c5 Nd5 19. Bc4 Kg7 20. Bg3
Nc3 21. Nb3 Re4 22. Na5 Ne2+ 23. Bxe2 Rexe2 24. Nb3 Bg4 25. Nfd4 Re4 26. h3 Be2
27. Nxe2 Rbxe2 28. Rfd1 Qe7 29. c6 Kg6 30. Rd7 Qa3 31. Rxc7 Re1+ 32. Rxe1 Rxe1+
33. Kh2 Qxa2 34. Nc5 Qa1 35. Bf4 Qd4 36. Bg3 Qxc5 0-1

[Event "2.RSCO"]
[Site "Rostock"]
[Date "2003"]
[Round "2.5"]
[White "TASC CM 16 MHz - King 2.54"]
[Black "Mephisto Magellan"]
[Result "1-0"]
[WhiteElo "2241"]
[BlackElo "2226"]
[PlyCount "65"]
[EventDate "2003"]
[EventType "tourn"]
[EventRounds "5"]
[EventCountry "GER"]
[SourceDate "2003.01.14"]

1. e4 e5 2. f4 d5 3. d4 exd4 4. Qxd4 Nf6 5. exd5 Qxd5 6. Qe3+ Be6 7. Nc3 Bb4 8.
Bd2 Bxc3 9. Bxc3 Ng4 10. Qg3 Qe4+ 11. Be2 O-O 12. h3 Qe3 13. Qf3 Qxf3 14. Bxf3
Ne3 15. Kf2 Nxc2 16. Rc1 c6 17. Rxc2 Bxa2 18. b3 Bxb3 19. Rb2 Bd5 20. Rxb7 Rd8
21. Ne2 Bxf3 22. gxf3 Rd7 23. Rhb1 Rxb7 24. Rxb7 c5 25. f5 Nc6 26. Rb5 Nb4 27.
Bxb4 cxb4 28. Rxb4 a5 29. Ra4 Kf8 30. f6 gxf6 31. Nd4 Ke7 32. Rxa5 Rxa5 33.
Nc6+ 1-0

[Event "2.RSCO"]
[Site "Rostock"]
[Date "2003"]
[Round "2.6"]
[White "Mephisto Magellan"]
[Black "TASC CM 16 MHz - King 2.54"]
[Result "1-0"]
[WhiteElo "2226"]
[BlackElo "2241"]
[PlyCount "85"]
[EventDate "2003"]
[EventType "tourn"]
[EventRounds "5"]
[EventCountry "GER"]
[SourceDate "2003.01.14"]

1. d4 Nf6 2. Nf3 d5 3. c4 c6 4. cxd5 cxd5 5. Nc3 Nc6 6. Bf4 Bf5 7. e3 e6 8. Bb5
Nd7 9. Qa4 Qb6 10. Nh4 Bd3 11. Nxd5 Bb4+ 12. Nxb4 Bxb5 13. Qb3 g5 14. Nxc6 gxf4
15. Nb4 Rc8 16. a3 a5 17. Na2 a4 18. Qd1 fxe3 19. fxe3 Nf6 20. Nc3 Rg8 21. Rc1
Ke7 22. Rc2 Qa5 23. Qd2 b6 24. Rc1 Ne4 25. Qc2 f5 26. g3 Qa8 27. Rg1 h6 28. Ng2
h5 29. Nh4 Qb7 30. Qg2 Bd3 31. Rd1 Bc4 32. d5 Bb3 33. Nxe4 Bxd5 34. Rxd5 Qxd5
35. Nc3 Qc5 36. Qf3 Rcd8 37. Ng2 Qd6 38. Qe2 e5 39. Rf1 Rg5 40. e4 Qc5 41. exf5
Qd4 42. Nf4 Rgg8 43. Ne6 1-0

[Event "2.RSCO"]
[Site "Rostock"]
[Date "2003"]
[Round "3.1"]
[White "Mephisto Magellan"]
[Black "Mephisto Risc 2"]
[Result "1-0"]
[WhiteElo "2226"]
[BlackElo "2273"]
[PlyCount "55"]
[EventDate "2003"]
[EventType "tourn"]
[EventRounds "5"]
[EventCountry "GER"]
[SourceDate "2003.01.14"]

1. d4 d5 2. c4 c6 3. Nc3 e5 4. cxd5 cxd5 5. Nf3 e4 6. Ne5 f6 7. Qa4+ Nd7 8.
Nxd5 fxe5 9. dxe5 Ne7 10. Bg5 b5 11. Qc2 Nc5 12. Rd1 Qxd5 13. Rxd5 Nxd5 14. a3
h6 15. Bd2 a5 16. e3 Bd7 17. Be2 g6 18. f3 Be7 19. e6 Bc6 20. O-O b4 21. fxe4
b3 22. Qc4 Nb6 23. Qd4 Rh7 24. Qe5 Ba4 25. Qc7 Nc8 26. Rc1 Nxe4 27. Qb7 Nb6 28.
Qxe4 1-0

[Event "2.RSCO"]
[Site "Rostock"]
[Date "2003"]
[Round "3.2"]
[White "Mephisto Risc 2"]
[Black "Mephisto Magellan"]
[Result "0-1"]
[WhiteElo "2273"]
[BlackElo "2226"]
[PlyCount "48"]
[EventDate "2003"]
[EventType "tourn"]
[EventRounds "5"]
[EventCountry "GER"]
[SourceDate "2003.01.14"]

1. e4 e5 2. Nf3 Nc6 3. Bc4 Bc5 4. d3 Nf6 5. c3 d6 6. b4 Bb6 7. a4 a5 8. b5 Ne7
9. O-O O-O 10. Nbd2 Bg4 11. Ba3 Ng6 12. h3 Bh5 13. g4 Nxg4 14. hxg4 Bxg4 15.
Bd5 Nh4 16. Bxb7 Qf6 17. Nxh4 Bxd1 18. Raxd1 Qxh4 19. Bxa8 Qg3+ 20. Kh1 Bxf2
21. Rxf2 Qxf2 22. Rb1 Qh4+ 23. Kg2 Qg5+ 24. Kh1 Qxd2 0-1

[Event "2.RSCO"]
[Site "Rostock"]
[Date "2003"]
[Round "3.3"]
[White "Mephisto Berlin Pro"]
[Black "Mephisto Montreux"]
[Result "1-0"]
[WhiteElo "2225"]
[BlackElo "2191"]
[PlyCount "53"]
[EventDate "2003"]
[EventType "tourn"]
[EventRounds "5"]
[EventCountry "GER"]
[SourceDate "2003.01.14"]

1. e4 c5 2. Nf3 d6 3. d4 cxd4 4. Nxd4 Nf6 5. Nc3 a6 6. Bg5 e6 7. f4 Be7 8. Qf3
Nbd7 9. Be2 h6 10. Bh4 Qc7 11. f5 Ne5 12. Qg3 Qb6 13. O-O-O O-O 14. Rhf1 g5 15.
fxg6 fxg6 16. Qh3 g5 17. Bf2 h5 18. Nf3 Qc7 19. Nxg5 Neg4 20. Bxg4 hxg4 21. Qh6
Bd8 22. e5 Ne8 23. Nxe6 Bxe6 24. Qxe6+ Qf7 25. Qxg4+ Qg7 26. Qxg7+ Nxg7 27.
exd6 1-0

[Event "2.RSCO"]
[Site "Rostock"]
[Date "2003"]
[Round "3.4"]
[White "Mephisto Montreux"]
[Black "Mephisto Berlin Pro"]
[Result "0-1"]
[WhiteElo "2191"]
[BlackElo "2225"]
[PlyCount "160"]
[EventDate "2003"]
[EventType "tourn"]
[EventRounds "5"]
[EventCountry "GER"]
[SourceDate "2003.01.14"]

1. e4 c6 2. d4 d5 3. exd5 cxd5 4. c4 Nf6 5. Nc3 e6 6. Nf3 Bb4 7. Bd3 dxc4 8.
Bxc4 O-O 9. O-O b6 10. Bg5 Bb7 11. Rc1 Be7 12. Re1 Nc6 13. a3 Na5 14. Bd3 h6
15. Bf4 a6 16. Ne5 Rc8 17. b4 Nc6 18. Nxc6 Rxc6 19. Be5 Rc8 20. Qe2 b5 21. Ne4
Nd7 22. Rxc8 Bxc8 23. Bg3 Nb6 24. Nc5 Qxd4 25. Be5 Qd5 26. Rd1 Bxc5 27. bxc5
Qxc5 28. Bd6 Qc6 29. Bxf8 Bb7 30. Be4 Qxe4 31. Qxe4 Bxe4 32. Rd8 Nc4 33. Bc5+
Kh7 34. f3 Bc6 35. Rc8 Bd5 36. Rc7 Kg6 37. Kf2 Kf6 38. h4 a5 39. h5 g6 40. Be7+
Kg7 41. hxg6 Kxg6 42. Rc8 f5 43. Rb8 b4 44. axb4 a4 45. b5 a3 46. Bb4 a2 47.
Bc3 f4 48. b6 Kh5 49. g4+ fxg3+ 50. Kxg3 Nd6 51. Rd8 Nb7 52. Rh8 Nd6 53. Rh7
Kg6 54. Rd7 Nb7 55. Kg4 h5+ 56. Kf4 Nc5 57. Rg7+ Kh6 58. Rc7 Nb7 59. Be5 Nd8
60. Ke3 Nb7 61. Rc8 Na5 62. f4 Kg6 63. Rc7 h4 64. Kd3 h3 65. Rg7+ Kh6 66. Rg3
Bg2 67. Rg8 Nb7 68. Ke3 Kh5 69. Rh8+ Kg4 70. Ra8 Bd5 71. Rg8+ Kh4 72. Rh8+ Kg4
73. Kf2 Nc5 74. Rg8+ Kf5 75. Ke3 Ne4 76. Bb2 h2 77. Rf8+ Kg4 78. b7 Bxb7 79.
Rg8+ Kh3 80. Rh8+ Kg2 0-1

[Event "2.RSCO"]
[Site "Rostock"]
[Date "2003"]
[Round "3.5"]
[White "Mephisto Vancouver 32 Bit"]
[Black "TASC CM 16 MHz - King 2.54"]
[Result "1/2-1/2"]
[WhiteElo "2180"]
[BlackElo "2241"]
[PlyCount "79"]
[EventDate "2003"]
[EventType "tourn"]
[EventRounds "5"]
[EventCountry "GER"]
[SourceDate "2003.01.14"]

1. e4 e5 2. Bc4 Nc6 3. Nc3 Nf6 4. d3 Bb4 5. Nf3 d5 6. Bxd5 Nxd5 7. exd5 Bxc3+
8. bxc3 Qxd5 9. O-O Bg4 10. c4 Qd6 11. h3 Bh5 12. Rb1 O-O-O 13. Re1 Rhe8 14.
Bb2 f5 15. Qd2 Bxf3 16. gxf3 Re6 17. Kf1 Rg6 18. Bc3 f4 19. Re4 Qe6 20. Ke2 Re8
21. h4 Rh6 22. Qc1 Rxh4 23. Qb2 b6 24. c5 Rh2 25. cxb6 axb6 26. a4 Qd5 27. Qb5
Qa2 28. Rb2 Qe6 29. a5 bxa5 30. Rb3 Rh1 31. d4 a4 32. Qxa4 Qh3 33. Be1 Nxd4+
34. Kd1 Qe6 35. Rd3 c5 36. Qa8+ Kc7 37. Qa7+ Kc6 38. Qa6+ Kd7 39. Qa7+ Kc8 40.
Qa8+ 1/2-1/2

[Event "2.RSCO"]
[Site "Rostock"]
[Date "2003"]
[Round "3.6"]
[White "TASC CM 16 MHz - King 2.54"]
[Black "Mephisto Vancouver 32 Bit"]
[Result "1/2-1/2"]
[WhiteElo "2241"]
[BlackElo "2180"]
[PlyCount "165"]
[EventDate "2003"]
[EventType "tourn"]
[EventRounds "5"]
[EventCountry "GER"]
[SourceDate "2003.01.14"]

1. e4 e5 2. Nf3 Nf6 3. Bc4 Nxe4 4. d4 d5 5. Bd3 exd4 6. Nbd2 Nxd2 7. Bxd2 Nc6
8. Bb5 Qe7+ 9. Kf1 Bg4 10. h3 Bxf3 11. Qxf3 Qc5 12. Re1+ Be7 13. Qe2 a6 14.
Bxc6+ bxc6 15. a3 Qd6 16. Bf4 Qd7 17. Be5 d3 18. cxd3 f6 19. Bg3 c5 20. Qh5+ g6
21. Qg4 Rb8 22. Qe2 Rb7 23. h4 c6 24. h5 g5 25. Bh2 O-O 26. g4 f5 27. Qxe7 Qxe7
28. Rxe7 Rxe7 29. Bd6 Rb7 30. Bxf8 Kxf8 31. gxf5 Rb3 32. Kg2 Rxd3 33. Re1 Rb3
34. Re6 Rb6 35. b4 cxb4 36. axb4 Kf7 37. h6 Kf8 38. Kg3 Kg8 39. Re8+ Kf7 40.
Rh8 Rxb4 41. Rxh7+ Kf6 42. Rc7 Kxf5 43. Rxc6 Rg4+ 44. Kf3 Ra4 45. Rd6 Ke5 46.
Rg6 Kf5 47. Rc6 a5 48. Rd6 Ke5 49. Rg6 Rf4+ 50. Ke2 Kf5 51. h7 Rh4 52. Rg7 a4
53. f4 Kxf4 54. Kd2 a3 55. Kc3 a2 56. Rf7+ Ke4 57. Kb2 Rh2+ 58. Ka1 g4 59. Re7+
Kf5 60. Rg7 d4 61. Rd7 Ke4 62. Rg7 Kf4 63. Rf7+ Ke5 64. Rg7 d3 65. Rd7 Ke4 66.
Re7+ Kd4 67. Rd7+ Kc3 68. Rc7+ Kb4 69. Rb7+ Kc4 70. Rc7+ Kd5 71. Rg7 g3 72.
Rxg3 Kc4 73. Rg7 d2 74. Rd7 Kc3 75. Rc7+ Kd3 76. Rd7+ Ke3 77. Re7+ Kf2 78. Rd7
Ke2 79. Re7+ Kf3 80. Rf7+ Ke4 81. Re7+ Kd4 82. Rd7+ Kc4 83. Rxd2 1/2-1/2

[Event "2.RSCO"]
[Site "Rostock"]
[Date "2003"]
[Round "4.1"]
[White "Mephisto Berlin Pro"]
[Black "TASC CM 16 MHz - King 2.54"]
[Result "0-1"]
[WhiteElo "2225"]
[BlackElo "2241"]
[PlyCount "56"]
[EventDate "2003"]
[EventType "tourn"]
[EventRounds "5"]
[EventCountry "GER"]
[SourceDate "2003.01.14"]

1. d4 d5 2. c4 e5 3. dxe5 d4 4. Nf3 Nc6 5. g3 f6 6. exf6 Nxf6 7. Bg2 Bf5 8. O-O
Qd7 9. Qb3 O-O-O 10. Ne5 Qe6 11. Nxc6 bxc6 12. Qa4 Be4 13. Bxe4 Nxe4 14. Qxa7
Qxc4 15. Re1 Bc5 16. Na3 Qd5 17. Qa6+ Kd7 18. Qd3 Rhf8 19. f3 Nd6 20. Qxh7 d3+
21. Kg2 d2 22. Rd1 Qe5 23. Rxd2 Bxa3 24. Qg6 Bc5 25. f4 Qe6 26. Qxg7+ Kc8 27.
h3 Qe3 28. Qg4+ Kb7 0-1

[Event "2.RSCO"]
[Site "Rostock"]
[Date "2003"]
[Round "4.2"]
[White "TASC CM 16 MHz - King 2.54"]
[Black "Mephisto Berlin Pro"]
[Result "1-0"]
[WhiteElo "2241"]
[BlackElo "2225"]
[PlyCount "109"]
[EventDate "2003"]
[EventType "tourn"]
[EventRounds "5"]
[EventCountry "GER"]
[SourceDate "2003.01.14"]

1. e4 Nf6 2. e5 Nd5 3. c4 Nb6 4. d4 d6 5. f4 dxe5 6. fxe5 Nc6 7. Be3 Bf5 8. Nc3
e6 9. Nf3 Qd7 10. Be2 Rd8 11. O-O Bg4 12. c5 Nd5 13. Nxd5 Qxd5 14. Qa4 a6 15.
Rae1 Be7 16. h3 Bf5 17. Bc4 Qd7 18. Qa3 O-O 19. Be2 Qd5 20. Rc1 Qe4 21. Qc3 f6
22. Rfd1 fxe5 23. Nxe5 Nxe5 24. dxe5 Rxd1+ 25. Bxd1 Qh4 26. Bf3 Be4 27. Bxe4
Qxe4 28. Rd1 Qc6 29. Qc4 b5 30. Qc3 h6 31. b4 Rf5 32. Bf2 Bg5 33. h4 Bf4 34.
Rd8+ Kf7 35. Bg3 a5 36. Bxf4 Rxf4 37. bxa5 Rc4 38. Qe3 Rc2 39. Qf4+ Kg6 40.
Qg3+ Kf7 41. h5 g5 42. hxg6+ Kg7 43. a3 Qxc5+ 44. Kh2 Qe7 45. Rc8 Ra2 46. a6
Rxa3 47. Rxc7 Qxc7 48. Qxa3 Qxe5+ 49. Kh3 Qh5+ 50. Kg3 Qxg6+ 51. Kh2 Qh5+ 52.
Qh3 Qd5 53. a7 Qe4 54. Qg3+ Kh7 55. Kh3 1-0

[Event "2.RSCO"]
[Site "Rostock"]
[Date "2003"]
[Round "4.3"]
[White "Mephisto Vancouver 32 Bit"]
[Black "Mephisto Magellan"]
[Result "1/2-1/2"]
[WhiteElo "2180"]
[BlackElo "2226"]
[PlyCount "122"]
[EventDate "2003"]
[EventType "tourn"]
[EventRounds "5"]
[EventCountry "GER"]
[SourceDate "2003.01.14"]

1. d4 d5 2. c4 e6 3. Nc3 c5 4. cxd5 exd5 5. Nf3 Nc6 6. Bg5 Be7 7. Bxe7 Ngxe7 8.
e3 cxd4 9. Nxd4 O-O 10. Nxc6 bxc6 11. Be2 Rb8 12. b3 Qa5 13. Rc1 Ba6 14. O-O
Bxe2 15. Qxe2 c5 16. Rfd1 Rfd8 17. Qg4 h6 18. Qg3 Rbc8 19. Qe5 Nc6 20. Qf5 Ne7
21. Qd3 Rd6 22. g3 a6 23. Rd2 Rc7 24. Qc2 Rd8 25. Ne2 Rcc8 26. Rcd1 Rd7 27. Nf4
Qd8 28. Qb2 g6 29. Rd3 Rc6 30. Qe5 Rcd6 31. Qc3 Qb6 32. Rc1 Rc6 33. Rdd1 d4 34.
Qd3 Rcd6 35. exd4 cxd4 36. Re1 Qb4 37. Re4 Qa5 38. Qe2 Nf5 39. Qc4 d3 40. Re8+
Kh7 41. Rf8 Kg7 42. Rc8 Qxa2 43. Qc3+ Nd4 44. Qxd3 Qxb3 45. Qe4 Ne6 46. Qe5+ f6
47. Nxe6+ Rxe6 48. Qc5 Ree7 49. Rc6 Re5 50. Rc7 Qe6 51. Qd4 Red5 52. Qf4 Rxc7
53. Rxc7+ Rd7 54. Qe3 Qf7 55. Rxd7 Qxd7 56. Qb6 Qd1+ 57. Kg2 Qd5+ 58. Kg1 a5
59. Qc7+ Kf8 60. Qf4 Qg5 61. Qd6+ Ke8 1/2-1/2

[Event "2.RSCO"]
[Site "Rostock"]
[Date "2003"]
[Round "4.4"]
[White "Mephisto Magellan"]
[Black "Mephisto Vancouver 32 Bit"]
[Result "1-0"]
[WhiteElo "2226"]
[BlackElo "2180"]
[PlyCount "63"]
[EventDate "2003"]
[EventType "tourn"]
[EventRounds "5"]
[EventCountry "GER"]
[SourceDate "2003.01.14"]

1. e4 Nf6 2. e5 Nd5 3. d4 d6 4. c4 Nb6 5. exd6 exd6 6. Nc3 Be7 7. Bd3 Nc6 8.
Nge2 O-O 9. O-O Bf6 10. Be3 Nb4 11. b3 Nxd3 12. Qxd3 Bd7 13. Rad1 Re8 14. Rfe1
Bg4 15. Bf4 Qd7 16. Ne4 Bh4 17. a3 Qf5 18. N4c3 Qxd3 19. Rxd3 Re7 20. h3 Bf5
21. Rf3 Bc2 22. c5 Nc8 23. g3 Bf6 24. Nd5 Rd7 25. Re3 Ne7 26. Nec3 Ng6 27. Re8+
Rxe8 28. Rxe8+ Nf8 29. Nxf6+ gxf6 30. Bh6 Rd8 31. Rxd8 dxc5 32. Rxf8# 1-0